| 000 | 00439nam a2200181Ia 4500 | ||
|---|---|---|---|
| 003 | GCL | ||
| 008 | 140319s9999 xx 000 0 eng d | ||
| 040 |
_aGCL / _cGCL |
||
| 082 | 0 | 4 |
_a945.8 _bG G |
| 100 | 1 | _aGALLO, MAX | |
| 245 | 1 | 0 |
_aGARIBALDI: LAFORCE D'UN DESTIN / _cGALLO, MAX |
| 260 |
_a[S.N] : _bFAYARD ، _c1982 |
||
| 300 | _a491 P | ||
| 650 | 0 | 4 | _aGARIBALDI |
| 650 | 0 | 4 | _aHISTORY |
| 650 | 0 | 4 | _aITALY - HISTORY |
| 942 |
_2ddc _cBK |
||
| 999 |
_c24865 _d24865 |
||